| 000 | 00658nam a2200205 a 4500 | ||
|---|---|---|---|
| 001 | 8295 | ||
| 003 | CO-ViMGA | ||
| 008 | 141112s2004 ck r 000 u spa d | ||
| 020 | _a9588012112, 95863320049580419341 | ||
| 040 |
_aCO-ViMGA _bspa _cCO-ViMGA |
||
| 082 | 0 | 4 | _a823.8 W67f |
| 100 | 1 |
_aWilde, Oscar _98169 |
|
| 245 | 1 | 0 |
_aEl Fantasma de Canterville / _cWilde Oscar |
| 260 |
_aMedellin, _cEd. Cometa de papel, _c1997 |
||
| 300 | _a90 p. | ||
| 490 | _acometa para adultos y jovenes | ||
| 590 | _aForma de adquisición : donacion - - Proveedor : Biblioteca Luis Ángel Arango - - Ejemplares : 3 | ||
| 650 | 1 | 4 |
_acuentos ingleses _94268 |
| 942 |
_2ddc _cBK |
||
| 999 |
_c10171 _d10171 |
||